| 000 | 01163nam a2200265 a 4500 | ||
|---|---|---|---|
| 001 | 84255 | ||
| 003 | BD-RjUL | ||
| 005 | 20241106173401.0 | ||
| 008 | 241106s2022 bg a|||| m||| 00| 0 eng d | ||
| 035 | _a(BD-RjUL)84255 | ||
| 040 |
_aBD-RjUL _beng _cBD-RjUL _dBD-RjUL |
||
| 041 | _aeng | ||
| 082 |
_223 _a657.869 _bHOI 2022 |
||
| 100 |
_aHossain, Md. Solaiman _914151 |
||
| 245 | 1 | 0 |
_aImpact of Disclosure Practices on Investors Decision : _bA Study on Listed Conventional Banks in Bangladesh / _cBy Md. Solaiman Hossain ; _6Superviso : Md. Sayaduzzaman, Co-Superviso : Subhash Chandra Sil, Co-Superviso : Madan Mohan Dey |
| 260 |
_aRajshahi : _bDepartment of Accounting and Information Systems, University of Rajshahi, _c2022 |
||
| 300 |
_axxxv, 233 Leaves : _bill, ; _c29 cm. |
||
| 502 | _aThesis (Ph. D.) -- Department of Accounting and Information Systems, University of Rajshahi, 2022 | ||
| 504 | _aBibliography : Leaves 220-229 | ||
| 650 |
_aAccounting _vDisclosure _914152 |
||
| 700 |
_aSayaduzzaman, Md., Superviso _914153 |
||
| 700 |
_aSil, Subhash Chandra, Co-Superviso _914154 |
||
| 700 |
_aDey, Madan Mohan, Co-Superviso _914155 |
||
| 942 |
_2ddc _cTHE |
||
| 999 |
_c84255 _d84255 |
||